00706 2200253 4500001002100000005001700021008004100038020002200079035002500101040001200126082001400138084001800152100002500170245008100195250001100276260003000287300003200317650001600349700002100365850001200386990001800398990001800416990001800434INLIS00000000001181620150903155042.0  a978-602-978-280-6 a0010-091500000000329 aYOPDYOG 223a372.2 aK 372.2 Nur A aNURWANTI Listya Dewi aAnak TK pinter bahasa arabc/ Nurwanti Listya Dewi, Editor; evi Rine Hartuti aCet. 1 aYogyakartabLaksanac2010 a102 hlmb: Illus.c; 31 cm. aBahasa Arab aEVI Rine Hartuti aYOPDYOG a49921-PD/A.15 a49922-PD/A.15 a49923-PD/A.15